书目信息 |
| 题名: |
全国总书目
|
|
| 作者: | 国家出版事业管理局版本图书馆 编 | |
| 分册: | 1972 | |
| 出版信息: | 北京 中华书局出版 1974.7 |
|
| 页数: | 503页 | |
| 开本: | 21cm | |
| 丛书名: | ||
| 单 册: | ||
| 中图分类: | Z812.1 | |
| 科图分类: | ||
| 主题词: | ||
| 电子资源: | ||
| ISBN: | ||
| 000 | 00557nam0 2200181 45 | |
| 001 | 0181015150 | |
| 005 | 20061127105712.53 | |
| 010 | @b精装@dCNY2.00 | |
| 100 | @a20810111d km y0chiy0120 ea | |
| 101 | 0 | @achi |
| 105 | @a z 000yy | |
| 200 | 1 | @Aquan guo zong shu mu@Fguo jia chu ban shi ye guan li@a全国总书目@h1972@f国家出版事业管理局版本图书馆编 |
| 210 | @a北京@c中华书局出版@d1974.7 | |
| 215 | @a503页@c无图表@d21cm | |
| 690 | @aZ812.1 | |
| 701 | 0 | @a国家出版事业管理局版本图书馆@4编 |
| 801 | @aCN@bTSTC@c20061127 | |
| 905 | @dZ812.1@e1972@f1@b157838 | |
| 全国总书目.1972/国家出版事业管理局版本图书馆编.-北京:中华书局出版,1974.7 |
| 503页:无图表;21cm |
| ISBN (精装):CNY2.00 |
| ● |
| 相关链接 |
|
|
|
|
正题名:全国总书目
索取号:Z812.1/1972
 
预约/预借
| 序号 | 登录号 | 条形码 | 馆藏地/架位号 | 状态 | 备注 |
| 1 | 0157838 | 202127260 | 第二样本阅览室/ [索取号:Z812.1/1972] | 在馆 |